000 00922nam a22002657a 4500
001 7042
003 FISKH
005 20250619104320.0
008 250619b cb ||||| |||| 00| 0 eng d
020 _a9780142402498
040 _aFISKH
_beng
_cFISKH
_dFISKH
050 _aPZ7.L6585 P
082 _a839.7374
100 _aLindgren, Astrid
_d(1907–2002)
245 _aPippi longstocking /
_cAstrid Lindgren ; Translated by Florence Lamborn ; Illustrated by Louis S. glanzman
250 _aThis edition first published in 2005
260 _aLondon :
_bPuffin,
_c2005
300 _a160 pages :
_billustrations ;
_c18 cm
520 _aEscapades of a lucky little girl who lives with a horse and a monkey--but without any parents--at the edge of a Swedish village.
650 _2Fiction
_aChapter book
650 _2Juvenile
_aFunny
700 _aS.Glanzman, Louis
_dillustrator
942 _2ddc
_cBK
_n0
999 _c7042
_d7042